| 000 | 00365nam a22001457a 4500 | ||
|---|---|---|---|
| 005 | 20251104114738.0 | ||
| 008 | 251104b |||||||| |||| 00| 0 eng d | ||
| 041 | _aeng | ||
| 100 |
_aWakale L. P. _9214795 |
||
| 245 | _aIncome Tax Practice &Procedure | ||
| 250 | _a22nd Rev. | ||
| 260 |
_aSangamner _bGayatri Prakashan _c2025-26 |
||
| 300 | _a309 P | ||
| 942 | _cBK | ||
| 999 |
_c369065 _d369065 |
||